Poketto keizai keiei gairaigo jiten /
Saved in:
| Other Authors: | , |
|---|---|
| Format: | Book |
| Language: | Japanese |
| Published: |
Tōkyō :
Yūhikaku,
1981.
|
| Series: | Yūhikaku shinsho
|
| Subjects: | |
| Tags: |
Add Tag
No Tags, Be the first to tag this record!
|
| LEADER | 01327nam a2200373 a 4500 | ||
|---|---|---|---|
| 001 | 007743332-7 | ||
| 005 | 20024617115958.0 | ||
| 008 | 890906s1981 ja 001 0 jpn d | ||
| 010 | |a 82802073 | ||
| 015 | |a Ja81-33069 | ||
| 020 | |a 4641089701 | ||
| 035 | 0 | |a ocm20307255 | |
| 040 | |a CU-S |c CU-S |d CU |d *YNH* |d CStRLIN | ||
| 050 | |a HB61 |b .P627 | ||
| 245 | 0 | 0 | |6 880-01 |a Poketto keizai keiei gairaigo jiten / |c Kashiwazaki Toshinosuke, Iino Haruki hen. |
| 260 | |6 880-02 |a Tōkyō : |b Yūhikaku, |c 1981. | ||
| 300 | |a iii, 280 p. ; |c 18 cm. | ||
| 490 | 0 | |6 880-03 |a Yūhikaku shinsho | |
| 500 | |a Errata slip inserted. | ||
| 500 | |a Includes index. | ||
| 650 | 0 | |a Economics |x Dictionaries |x Japanese. | |
| 650 | 0 | |a Industrial management |x Dictionaries |x Japanese. | |
| 650 | 0 | |a Japanese language |x Foreign words and phrases |x Dictionaries. | |
| 700 | 1 | |6 880-04 |a Kashiwazaki, Toshinosuke. | |
| 700 | 1 | |6 880-05 |a Iino, Haruki. | |
| 740 | 0 | |6 880-06 |a Keizai keiei gairaigo jiten. | |
| 880 | 0 | 0 | |6 245-01 |a ポケット経済・経営外来語辞典 / |c 柏崎利之輔, 飯野春樹編. |
| 880 | |6 260-02 |a 東京 : |b 有斐閣, |c 1981. | ||
| 880 | 0 | |6 490-03 |a 有斐閣新書 | |
| 880 | 1 | |6 700-04 |a 柏崎利之輔. | |
| 880 | 1 | |6 700-05 |a 飯野春樹. | |
| 880 | 0 | |6 740-06 |a 経済経営外来語辞典. | |
| 988 | |a 20021214 | ||
| 906 | |0 OCLC | ||


